Crimes de responsabilidade fiscal : (Record no. 646)

MARC details
000 -LÍDER
Campo Fixo de Controle 00983nam a2200265 a 4500
001 - NÚMERO DE CONTROLE
Campo de Controle 646
003 - IDENTIFICAÇÃO DO NÚMERO DE CONTROLE
Campo de Controle BR-CuiBMT
005 - DATA E HORA DA ÚLTIMA ATUALIZAÇÃO
Campo de Controle 20231112013624.0
008 - DADOS FIXOS
Dados Fixos 231108s2002 spba 001 0 por d
020 ## - INTERNATIONAL STANDARD BOOK NUMBER
Nº do ISBN 8522431752
040 ## - AGÊNCIA CATALOGADORA
Código da Agência Catalogadora BR-CuiBMT
Agência que transcreveu o registro BR-CuiBMT
080 ## - Nº DA CLASSIFICAÇÃO DECIMAL UNIVERSAL
Nº Class. CDU 351.72
Nº edição CDU 2007
090 ## - NÚMERO DE CHAMADA
Nº classificação 351.72
Cutter P348c
Ano/Edição 2. ed.
100 1# - ENTRADA PRINCIPAL -- AUTOR PESSOAL
Nome pessoal Pazzaglini Filho, Marino,
Datas associadas ao nome 1943-
245 10 - TÍTULO PRINCIPAL
Título principal Crimes de responsabilidade fiscal :
Subtítulo atos de improbidade administrativa por violação da LRF /
Indicação de responsabilidade Marino Pazzaglini Filho.
250 ## - EDIÇÃO
Edição 2. ed.
260 ## - PUBLICAÇÃO, DISTRIBUIÇÃO, ETC.
Local de publicação São Paulo :
Editora Atlas ;
Data 2006.
300 ## - DESCRIÇÃO FÍSICA
N. páginas ou volumes 264 p. :
Ilustrações il. ;
Dimensões 24 cm
500 ## - NOTAS GERAIS
Notas gerais Lei n. 10.028, de 19-10-2000. Lei complementar n. 101, de 4-5-2000. Lei n. 8.429, de 2-6-1992. Comentários e legislação.
504 ## - NOTA DE BIBLIOGRAFIA, ETC.
Nota de bibliografia Inclui bibliografia e índice.
650 ## - ASSUNTO TÓPICO
Cabeçalho tópico ou nome geográfico Responsabilidade administrativa
Subdivisão geográfica Brasil
650 ## - ASSUNTO TÓPICO
Cabeçalho tópico ou nome geográfico Crime contra a administração pública
Subdivisão geográfica Brasil
650 ## - ASSUNTO TÓPICO
Cabeçalho tópico ou nome geográfico Crime de responsabilidade
Subdivisão geográfica Brasil
942 ## - ELEMENTOS DE ENTRADA ADICIONAIS (KOHA)
Fonte de classificação ou esquema de arquivamento Classificação Decimal Universal
Tipo de item do Koha Livros
Holdings
Estado: removido Estado: perdido Fonte de classificação ou esquema de arquivamento Estado: danificado Indisponível para empréstimo Localização permanente Localização atual Data de aquisição Total Checkouts Número de Chamada completo Código de barras Date last seen Número do exemplar Preço efetivo a partir de Tipo de item (Koha)
    Classificação Decimal Universal     Biblioteca da Escola Superior de Contas do TCE/MT Biblioteca da Escola Superior de Contas do TCE/MT 11/11/2023   351.72 P348c 2. ed. BIBTCEMT23110468 12/11/2023 Ex. 1 12/11/2023 Livros

Powered by Koha